The Mortuary Temple of Sethi I at Qurna : /

محفوظ في:

المؤلف الرئيسي: Stadelmann, Rainer

التنسيق: كتاب

اللغة: Undetermined

منشور في: Kairo : Deutsches Archaologisches Institut Kairo, 2001.

الموضوعات:

الوسوم: إضافة وسم

لا توجد وسوم, كن أول من يضع وسما على هذه التسجيلة!

رقم الطلب: DT73 .Q75 S678

LEADER 00627nam a2200145Ia 4500
008 220401s9999||||xx |||||||||||||| ||und||
050 4 |a DT73 .Q75 S678 
100 1 |a Stadelmann, Rainer 
245 1 4 |a The Mortuary Temple of Sethi I at Qurna :  |b  /  |c Rainer Stadelmann. 
264 1 |a Kairo :  |b Deutsches Archaologisches Institut Kairo,  |c 2001. 
300 |a 16+22p. 8p. De pl. :  |b 8pl., cartes, plans ;  |c 21cm. 
650 1 4 |a Egypte Ancienne Temple de Sethi I (Gournah). 
942 |2 lcc  |c BK 
952 |0 0  |1 0  |2 lcc  |4 0  |6 DT0073 Q75 S678  |7 1  |9 39146  |a ARCE  |b ARCE  |d 2022-04-01  |l 0  |o DT73 .Q75 S678  |p 1002392  |r 2022-04-01 00:00:00  |w 2022-04-01  |y BK 
999 |c 46727  |d 46727